[Event "GCT Blitz Paris 2016"]
[Site "Paris FRA"]
[Date "2016.06.12"]
[Round "16.4"]
[White "Carlsen, Magnus"]
[Black "Topalov, Veselin"]
[Result "0-1"]
[WhiteTitle "GM"]
[BlackTitle "GM"]
[WhiteElo "2855"]
[BlackElo "2761"]
[WhiteFideId "1503014"]
[BlackFideId "2900084"]
[EventDate "2016.06.11"]

1. e4 c5 2. Nf3 d6 3. Bb5+ Nd7 4. a4 Nf6 5. Nc3 g6 6. a5 Bg7 7. O-O a6 8. Bc4
O-O 9. d3 Nb8 10. Nd5 Nc6 11. Nb6 Rb8 12. Bd2 Bg4 13. h3 Bxf3 14. Qxf3 Nd7 15.
Nxd7 Qxd7 16. Rab1 Qd8 17. h4 Nxa5 18. Ba2 Nc6 19. h5 e6 20. g3 b5 21. Kg2 Qf6
22. Qd1 a5 23. hxg6 hxg6 24. Rh1 Nb4 25. Bc3 Qg5 26. f4 Qe7 27. Qg4 Nxa2 28. Qh3
f6 29. Qh7+ Kf7 30. Rh6 Rg8 31. Bxa5 Kf8 32. Rh3 Qf7 33. c3 Ra8 34. Bb6 Ra6 35.
Bd8 Ke8 36. Bc7 Kd7 37. e5 Rh8 38. Qxh8 Bxh8 39. Rxh8 Kxc7 40. Rbh1 dxe5 41.
R1h7 Qxh7 42. Rxh7+ Kd6 43. Kf3 exf4 44. gxf4 b4 45. c4 Nc1 46. Ke3 Nb3 0-1